000 00629cam a22002172 4500
001 0000002461
005 20151217145729.0
008 070411s xx 000 0 eng d
020 _a082645562X :
_cKES 713
040 _aKABU
_cKABU
050 0 _aHF5657.4
_b.L83 1996
100 1 _aLucey, Terry.
_@0000156064
245 1 0 _aManagement accounting /
_cT. Lucey.
250 _a4th ed.
260 _aLondon ;
_aNew York :
_bContinuum,
_cc1996.
300 _avii, 599 p. ;
_c25 cm.
650 0 _aManagerial accounting.
_@0000151472
908 _a070411
950 _@1
999 _c2000
_d2000